Sports Quiz

Random Sports or Soccer Quiz

Name the referee from the (in)famous game Quiz Stats

 Plays Quiz not verified by Sporcle

Challenge
Share
Tweet
Embed
Score 0/20 Timer 03:00
0 Plays Today
% Correct
Graham Poll
59.3%
Howard Webb
56.6%
Mark Clattenburg
49.8%
Tom Henning Øvrebø
44.4%
Pierluigi Collina
40.8%
Andre Marriner
35.9%
Anders Frisk
32.1%
Paul Alcock
31.3%
Ali Bin Nasser
25.6%
David Elleray
25.3%
% Correct
Stuart Attwell
25%
Cüneyt Çakir
22.7%
Gottfried Dienst
20.5%
Urs Meier
19.8%
Jack Taylor
19.7%
Clive Thomas
17.2%
Martin Hansson
16.7%
Terje Hauge
14.1%
Charles Corver
13.7%
Ken Aston
12.6%

You're not logged in!

Compare scores with friends on all Sporcle quizzes.
OR
Log In

You Might Also Like...

Show Comments

Extras

Top Quizzes Today


Score Distribution

Your Account Isn't Verified!

In order to create a playlist on Sporcle, you need to verify the email address you used during registration. Go to your Sporcle Settings to finish the process.

Report this User

Report this user for behavior that violates our Community Guidelines.

Details: